[Event "chess.com SpeedChess Q2Sw"]
[Site "chess.com INT"]
[Date "2022.11.12"]
[Round "4"]
[White "Odegov, Artem"]
[Black "Mika, Tomasz"]
[Result "1-0"]
[WhiteTitle "FM"]
[BlackTitle "CM"]
[WhiteElo "2286"]
[BlackElo "2185"]
[WhiteFideId "34183644"]
[BlackFideId "1132970"]
[EventDate "2022.11.12"]

1. d4 d5 2. c4 dxc4 3. Nf3 Nf6 4. e3 e6 5. Bxc4 c5 6. O-O a6 7. Qe2 b5 8. Bb3
Nbd7 9. a4 c4 10. Bc2 Bb7 11. axb5 axb5 12. Rxa8 Qxa8 13. Nc3 b4 14. Nb5 Qc8 15.
e4 Qc6 16. Ba4 Nxe4 17. Bf4 Bd6 18. Nxd6+ 1-0

[Event "chess.com SpeedChess Q2Sw"]
[Site "chess.com INT"]
[Date "2022.11.12"]
[Round "4"]
[White "Talibov, Shiroghlan"]
[Black "Ter-Sahakyan, Samvel"]
[Result "1/2-1/2"]
[WhiteTitle "FM"]
[BlackTitle "GM"]
[WhiteElo "2316"]
[BlackElo "2605"]
[WhiteFideId "13429078"]
[BlackFideId "13302531"]
[EventDate "2022.11.12"]

1. e4 c6 2. d4 d5 3. Nc3 dxe4 4. Nxe4 Nf6 5. Nxf6+ exf6 6. c3 Bd6 7. Bd3 Na6 8.
Ne2 Nc7 9. Qc2 h5 10. Bf4 Bg4 11. h3 Bxe2 12. Qxe2+ Kf8 13. Bxd6+ Qxd6 14. O-O
Re8 15. Qf3 g6 16. Rfe1 Kg7 17. Bc4 Rxe1+ 18. Rxe1 Re8 19. Rxe8 Nxe8 20. a4 a5
21. Qe4 Nc7 22. g3 Qd7 23. h4 Qd6 24. Kg2 Qd7 25. Kg1 Qd6 26. Kg2 Qd7 27. Kg1 1/2-1/2

[Event "chess.com SpeedChess Q2Sw"]
[Site "chess.com INT"]
[Date "2022.11.12"]
[Round "4"]
[White "Oparin, Grigoriy"]
[Black "Melikyan, Gnel"]
[Result "1-0"]
[WhiteTitle "GM"]
[WhiteElo "2683"]
[BlackElo "2238"]
[WhiteFideId "24125890"]
[BlackFideId "54109990"]
[EventDate "2022.11.12"]

1. c4 Nf6 2. Nc3 e6 3. e4 d5 4. cxd5 exd5 5. e5 Nfd7 6. d4 c6 7. Nf3 Bb4 8. Bd3
Nf8 9. O-O Bg4 10. h3 Bh5 11. Ne2 Bxf3 12. gxf3 Qh4 13. Kh2 Ne6 14. f4 g6 15.
Be3 Nd7 16. Rg1 h5 17. f5 gxf5 18. Bxf5 O-O-O 19. Qd3 Rdg8 20. a3 Be7 21. Rg3
Bd8 22. Rag1 Rxg3 23. Rxg3 Kb8 24. Bxe6 fxe6 25. Nf4 Nf8 26. Rg7 Bg5 27. Ng2 1-0

[Event "chess.com SpeedChess Q2Sw"]
[Site "chess.com INT"]
[Date "2022.11.12"]
[Round "4"]
[White "Postnikov, Daniil"]
[Black "Guzman Moneo, Alberto"]
[Result "1-0"]
[WhiteTitle "FM"]
[BlackTitle "CM"]
[WhiteElo "2360"]
[BlackElo "2146"]
[WhiteFideId "4166329"]
[BlackFideId "2209616"]
[EventDate "2022.11.12"]

1. d4 Nf6 2. c4 c5 3. d5 b5 4. cxb5 a6 5. bxa6 g6 6. Nc3 Bxa6 7. e4 Bxf1 8. Kxf1
d6 9. Nf3 Qc8 10. Nd2 Bg7 11. Qe2 O-O 12. Nc4 Nbd7 13. g3 Rb8 14. Kg2 Nb6 15.
Na5 e6 16. Nc6 Rb7 17. Qf3 exd5 18. exd5 Rc7 19. Bf4 Nbxd5 20. Nxd5 Nxd5 21.
Bxd6 Rxc6 22. Bxf8 Nb4 23. Bxg7 Kxg7 24. Qc3+ Kg8 25. h4 Nd5 26. Qf3 Ne7 27. h5
Nf5 28. Rad1 Nd4 29. Rxd4 cxd4 30. h6 Rd6 31. a4 d3 32. Rd1 Qd8 33. b4 d2 34.
Qc3 Rd3 35. Qg7# 1-0

[Event "chess.com SpeedChess Q2Sw"]
[Site "chess.com INT"]
[Date "2022.11.12"]
[Round "4"]
[White "Stearman, Josiah"]
[Black "Suleymanli, Aydin"]
[Result "1-0"]
[WhiteTitle "IM"]
[BlackTitle "GM"]
[WhiteElo "2377"]
[BlackElo "2543"]
[WhiteFideId "2062496"]
[BlackFideId "13413937"]
[EventDate "2022.11.12"]

1. e4 c5 2. Nc3 a6 3. g3 b5 4. Bg2 Bb7 5. d3 g6 6. Nh3 Bg7 7. O-O Nc6 8. f4 d6
9. Be3 Nd4 10. Nf2 e6 11. Qd2 Ne7 12. Rae1 O-O 13. Ncd1 b4 14. c3 Qa5 15. f5
bxc3 16. bxc3 Nb5 17. Bh6 exf5 18. Bxg7 Kxg7 19. exf5 Bxg2 20. f6+ Kh8 21. fxe7
Bxf1 22. exf8=Q+ Rxf8 23. Rxf1 Nd4 24. Ne4 Ne6 25. Qh6 1-0

[Event "chess.com SpeedChess Q2Sw"]
[Site "chess.com INT"]
[Date "2022.11.12"]
[Round "4"]
[White "Guo, Yu Han"]
[Black "Dauner, Benedikt"]
[Result "0-1"]
[WhiteTitle "WFM"]
[BlackTitle "FM"]
[WhiteElo "1923"]
[BlackElo "2336"]
[WhiteFideId "2623870"]
[BlackFideId "16225899"]
[EventDate "2022.11.12"]

1. d4 Nf6 2. c4 g6 3. Nc3 Bg7 4. e4 d6 5. Nge2 O-O 6. Ng3 c5 7. d5 e6 8. h4 exd5
9. cxd5 h5 10. Be2 Re8 11. Bg5 Nbd7 12. O-O Qb6 13. Qd2 Nh7 14. Bf4 Ne5 15. Rab1
Qd8 16. Bg5 Nxg5 17. hxg5 h4 18. Nh1 h3 19. gxh3 Bxh3 20. Rfe1 Qc8 21. f4 Ng4
22. Qd3 Bd4+ 23. Nf2 Bxf2+ 24. Kh1 Ne3 25. Bf3 Bf1 26. Rxf1 Qh3# 0-1

[Event "chess.com SpeedChess Q2Sw"]
[Site "chess.com INT"]
[Date "2022.11.12"]
[Round "4"]
[White "Jeet, Jain"]
[Black "Urazayev, Arystanbek"]
[Result "0-1"]
[WhiteTitle "FM"]
[BlackTitle "IM"]
[WhiteElo "2139"]
[BlackElo "2458"]
[WhiteFideId "5073022"]
[BlackFideId "13709810"]
[EventDate "2022.11.12"]

1. Nf3 d5 2. c4 d4 3. e4 Nc6 4. d3 e5 5. Be2 Bd6 6. O-O Nge7 7. a3 a5 8. Ne1 O-O
9. f4 exf4 10. Bxf4 f5 11. Bxd6 Qxd6 12. Nd2 Ng6 13. g3 f4 14. gxf4 Nxf4 15. Kh1
Bh3 16. Rg1 Ne5 17. Rg3 Qh6 18. Nef3 Nexd3 19. Bxd3 Nxd3 20. Qg1 c5 21. Rg5 Ra6
22. Qg3 Rg6 23. Rxg6 hxg6 24. b3 Qe3 25. b4 Nf2+ 26. Kg1 Nxe4+ 27. Kh1 Nxg3+ 0-1

[Event "chess.com SpeedChess Q2Sw"]
[Site "chess.com INT"]
[Date "2022.11.12"]
[Round "4"]
[White "Gurevich, Dmitry"]
[Black "Bagrationi, Alexander"]
[Result "1-0"]
[WhiteTitle "GM"]
[BlackTitle "GM"]
[WhiteElo "2396"]
[BlackElo "2454"]
[WhiteFideId "2000407"]
[BlackFideId "14104954"]
[EventDate "2022.11.12"]

1. d4 Nf6 2. c4 g6 3. Nc3 Bg7 4. e4 O-O 5. Nf3 d6 6. Be2 e5 7. O-O Nc6 8. d5 Ne7
9. Ne1 Nd7 10. Be3 f5 11. f3 f4 12. Bf2 g5 13. Nb5 h5 14. Nxa7 Rxa7 15. Bxa7 b6
16. a4 Ng6 17. a5 bxa5 18. c5 g4 19. fxg4 Nf6 20. g5 Nxe4 21. Bd3 Bf5 22. Qc2
Ng3 23. hxg3 Qxg5 24. Bxf5 Rxf5 25. Nf3 Qg4 26. cxd6 cxd6 27. Qc8+ Rf8 28. Qxg4
hxg4 29. Ng5 Bh6 30. Ne6 Rf7 31. Rxa5 f3 32. gxf3 Rxa7 33. Rxa7 Be3+ 34. Kg2
gxf3+ 35. Rxf3 Bxa7 36. Rf6 Ne7 37. Rf8+ Kh7 38. Rf7+ 1-0

[Event "chess.com SpeedChess Q2Sw"]
[Site "chess.com INT"]
[Date "2022.11.12"]
[Round "4"]
[White "Bortnyk, Olexandr"]
[Black "Boros, Denes"]
[Result "1-0"]
[WhiteTitle "GM"]
[BlackTitle "GM"]
[WhiteElo "2604"]
[BlackElo "2402"]
[WhiteFideId "14120828"]
[BlackFideId "722340"]
[EventDate "2022.11.12"]

1. e4 d5 2. exd5 Nf6 3. Nc3 Nxd5 4. Bc4 e6 5. Qf3 Nf6 6. Nge2 Be7 7. d4 Nbd7 8.
O-O O-O 9. Rd1 Nb6 10. Bd3 Bd7 11. Bg5 Bc6 12. Qh3 g6 13. Nf4 Nfd5 14. Bh6 Nxf4
15. Bxf4 Bg5 16. Be5 Qe7 17. Be4 Nc4 18. Bxc6 bxc6 19. b3 Nd6 20. Qf3 Qd7 21.
Na4 Nb7 22. Nc5 Nxc5 23. dxc5 Qe7 24. Qxc6 Rfd8 25. Qxc7 Qe8 26. Qb7 Rac8 27.
Rxd8 Qxd8 28. Bd6 Kg7 29. Rd1 Kh6 30. h4 1-0

[Event "chess.com SpeedChess Q2Sw"]
[Site "chess.com INT"]
[Date "2022.11.12"]
[Round "4"]
[White "Quispe Arteaga, Gabriel"]
[Black "Pham, Le Thao Nguyen"]
[Result "1-0"]
[WhiteTitle "FM"]
[BlackTitle "IM"]
[WhiteElo "2374"]
[BlackElo "2369"]
[WhiteFideId "32059809"]
[BlackFideId "12401226"]
[EventDate "2022.11.12"]

1. c4 g6 2. Nc3 Bg7 3. h4 h5 4. d3 d6 5. e4 Nf6 6. g3 c5 7. Bg2 Nc6 8. Nge2 Bg4
9. O-O Qc8 10. Bg5 Bh3 11. Qd2 Bxg2 12. Kxg2 a6 13. a3 Rb8 14. Rab1 b5 15. cxb5
axb5 16. b4 cxb4 17. axb4 Ne5 18. Rbc1 Qb7 19. Bxf6 Bxf6 20. Nd5 O-O 21. Nxf6+
exf6 22. Nf4 f5 23. Nd5 fxe4 24. dxe4 Kg7 25. Rc7 Qa8 26. Qb2 Kh6 27. Ra1 Nc4
28. Qc1+ Kg7 29. Rxa8 Rxa8 30. Qg5 1-0

[Event "chess.com SpeedChess Q2Sw"]
[Site "chess.com INT"]
[Date "2022.11.12"]
[Round "4"]
[White "Sellitti, Federico"]
[Black "Svane, Frederik"]
[Result "0-1"]
[BlackTitle "GM"]
[WhiteElo "2176"]
[BlackElo "2568"]
[WhiteFideId "821829"]
[BlackFideId "12923044"]
[EventDate "2022.11.12"]

1. e4 c5 2. Nc3 e6 3. g3 Nc6 4. Bg2 Nf6 5. f4 d5 6. e5 Ng8 7. Nf3 h5 8. O-O Nh6
9. d3 Be7 10. Ne2 b5 11. d4 Nf5 12. c3 Qb6 13. Kh1 b4 14. dxc5 Bxc5 15. cxb4
Nxb4 16. a3 Nc6 17. b4 Be3 18. Qb3 Bd7 19. Bxe3 Nxe3 20. Rfc1 Ng4 21. h3 Nf2+
22. Kh2 Ne4 23. Nc3 h4 24. Nxh4 Nxg3 25. Kxg3 Rxh4 26. Nxd5 exd5 27. Kxh4 Nd4
28. Qxd5 Nf5+ 29. Kh5 Qg6# 0-1

[Event "chess.com SpeedChess Q2Sw"]
[Site "chess.com INT"]
[Date "2022.11.12"]
[Round "4"]
[White "Costachi, Mihnea"]
[Black "Terry, Renato"]
[Result "1-0"]
[WhiteTitle "IM"]
[BlackTitle "IM"]
[WhiteElo "2476"]
[BlackElo "2516"]
[WhiteFideId "1217518"]
[BlackFideId "3803457"]
[EventDate "2022.11.12"]

1. d4 d5 2. c4 c6 3. cxd5 cxd5 4. Bf4 Nc6 5. e3 Nf6 6. Nc3 a6 7. Bd3 e6 8. Nf3
Bd6 9. Bg3 O-O 10. O-O Bxg3 11. hxg3 Qd6 12. Rc1 b5 13. e4 dxe4 14. Nxe4 Nxe4
15. Bxe4 Bd7 16. Ne5 Rac8 17. Nxd7 Qxd7 18. d5 Nb4 19. dxe6 Qxe6 20. Qf3 Rxc1
21. Rxc1 Nxa2 22. Bd5 Qh6 23. Qxf7+ 1-0

[Event "chess.com SpeedChess Q2Sw"]
[Site "chess.com INT"]
[Date "2022.11.12"]
[Round "4"]
[White "Lewtak, Damian"]
[Black "Vifleemskaia, Svetlana"]
[Result "1-0"]
[WhiteTitle "IM"]
[BlackTitle "WFM"]
[WhiteElo "2385"]
[BlackElo "1947"]
[WhiteFideId "1141724"]
[BlackFideId "4129490"]
[EventDate "2022.11.12"]

1. e4 e5 2. Nf3 Nc6 3. Bb5 a6 4. Bxc6 dxc6 5. O-O Ne7 6. d4 exd4 7. Nxd4 c5 8.
Nb3 Qxd1 9. Rxd1 Nc6 10. Bf4 c4 11. Nd4 Nxd4 12. Rxd4 c5 13. Rxc4 b5 14. Rc3 Bb7
15. Re3 O-O-O 16. Nc3 Bd6 17. Bxd6 Rxd6 18. Rd3 Rhd8 19. Rad1 Kc7 20. Rxd6 Rxd6
21. Rxd6 Kxd6 22. f3 Ke5 23. Kf2 g5 24. Ke3 h5 25. g3 f6 26. f4+ gxf4+ 27. gxf4+
Ke6 28. Ne2 h4 29. Ng1 Kd6 30. Nf3 h3 31. Ng1 Bc8 32. f5 Ke5 33. Nxh3 Bb7 34.
Nf2 c4 35. Ng4+ Kd6 36. Nxf6 Ke7 37. Nd5+ Kd6 38. Kd4 1-0

[Event "chess.com SpeedChess Q2Sw"]
[Site "chess.com INT"]
[Date "2022.11.12"]
[Round "4"]
[White "Melian, Juan Sebastian"]
[Black "Mahdavi, Reza"]
[Result "0-1"]
[WhiteTitle "CM"]
[BlackTitle "FM"]
[WhiteElo "2150"]
[BlackElo "2316"]
[WhiteFideId "3706575"]
[BlackFideId "12595926"]
[EventDate "2022.11.12"]

1. d4 g6 2. c4 Bg7 3. Nc3 d6 4. e4 Nc6 5. Be3 e5 6. Nge2 f5 7. f3 Nf6 8. dxe5
Nxe5 9. Ng3 fxe4 10. Ngxe4 Nxe4 11. Nxe4 O-O 12. Qd2 Be6 13. Rc1 Rxf3 14. Be2
Rf8 15. Ng5 Bd7 16. h4 Qe7 17. Qd5+ Kh8 18. h5 c6 19. Qd2 Rae8 20. hxg6 Nxg6 21.
Rxh7+ Kg8 22. Bf2 Qf6 23. Be3 Qe5 24. Bf2 Nf4 25. Rxg7+ Qxg7 0-1

[Event "chess.com SpeedChess Q2Sw"]
[Site "chess.com INT"]
[Date "2022.11.12"]
[Round "4"]
[White "Gokerkan, Cem Kaan"]
[Black "Hamley, Ryan"]
[Result "1-0"]
[WhiteTitle "IM"]
[WhiteElo "2470"]
[BlackElo "2080"]
[WhiteFideId "6336760"]
[BlackFideId "30959497"]
[EventDate "2022.11.12"]

1. e4 e5 2. Nc3 Nc6 3. g3 Nf6 4. Bg2 Bc5 5. Nge2 d6 6. d3 a6 7. h3 O-O 8. O-O
Kh8 9. Kh2 Ng8 10. f4 f5 11. exf5 Bxf5 12. g4 Bd7 13. f5 Qh4 14. Ne4 Nf6 15.
N2g3 Nxe4 16. Nxe4 Qe7 17. Bg5 Qf7 18. f6 g6 19. Bh6 Nd4 20. Ng5 Qxf6 21. Rxf6
Rxf6 22. c3 Ne6 23. Ne4 Rf7 24. Nxc5 Nxc5 25. d4 Ne6 26. dxe5 dxe5 27. Qd5 Re8
28. Rf1 Rxf1 29. Bxf1 Nf4 30. Qxd7 1-0

[Event "chess.com SpeedChess Q2Sw"]
[Site "chess.com INT"]
[Date "2022.11.12"]
[Round "4"]
[White "Harshavardhan, G B"]
[Black "Taboas Rodriguez, Daniel"]
[Result "1/2-1/2"]
[WhiteTitle "IM"]
[BlackTitle "FM"]
[WhiteElo "2426"]
[BlackElo "2359"]
[WhiteFideId "25059009"]
[BlackFideId "2208466"]
[EventDate "2022.11.12"]

1. d4 Nf6 2. c4 g6 3. h4 d5 4. cxd5 Nxd5 5. h5 Bg7 6. Nc3 Nxc3 7. bxc3 c5 8. Nf3
Nc6 9. e3 Bg4 10. hxg6 hxg6 11. Rxh8+ Bxh8 12. Qb3 Na5 13. Qa4+ Bd7 14. Bb5 Nc6
15. Ba3 cxd4 16. Nxd4 Qa5 17. Qxa5 Nxa5 18. Bxd7+ Kxd7 19. O-O-O Nc6 20. Nxc6+
Kxc6 21. Bxe7 Bxc3 22. g4 Re8 23. Ba3 Re6 24. g5 b5 25. Rd8 b4 26. Bb2 Bxb2+ 27.
Kxb2 Re5 28. Rf8 Rf5 29. f4 a5 30. Kb3 Kd5 31. Re8 Kc5 32. Ka4 Kc4 33. Rd8 Kc3
34. Rd7 Kb2 35. Rd2+ Kc3 36. Rd7 Kb2 37. Rd2+ Kc3 38. Rd7 1/2-1/2

[Event "chess.com SpeedChess Q2Sw"]
[Site "chess.com INT"]
[Date "2022.11.12"]
[Round "4"]
[White "Goltsev, Dmitry"]
[Black "Ankerst, Mihael"]
[Result "1-0"]
[WhiteTitle "FM"]
[BlackTitle "FM"]
[WhiteElo "2232"]
[BlackElo "2370"]
[WhiteFideId "24176710"]
[BlackFideId "14602369"]
[EventDate "2022.11.12"]

1. e4 c5 2. Nf3 Qb6 3. Nc3 Nc6 4. Bc4 e6 5. a3 a6 6. O-O d6 7. Qe2 Be7 8. d3 Nf6
9. Bg5 h6 10. Bh4 O-O 11. h3 Bd7 12. g4 Rac8 13. g5 hxg5 14. Bxg5 Rfe8 15. Kh1
Nd4 16. Qd1 Qxb2 17. Nxd4 Qxc3 18. Ne2 Qa5 19. Rg1 d5 20. e5 Nh5 21. Nf4 Nxf4
22. Bxf4 dxc4 23. Rxg7+ Kxg7 24. Qg4+ Kh8 25. Qh5+ Kg8 26. Rg1+ Bg5 27. Qxg5+
Kf8 28. Qg8+ Ke7 29. Bg5+ 1-0

[Event "chess.com SpeedChess Q2Sw"]
[Site "chess.com INT"]
[Date "2022.11.12"]
[Round "4"]
[White "Bouget, Alexandre"]
[Black "Tologon tegin, Semetei"]
[Result "1-0"]
[WhiteTitle "FM"]
[BlackTitle "IM"]
[WhiteElo "2268"]
[BlackElo "2382"]
[WhiteFideId "681318"]
[BlackFideId "13800574"]
[EventDate "2022.11.12"]

1. d4 Nf6 2. c4 e6 3. Nc3 Bb4 4. e3 b6 5. Nf3 Bb7 6. Bd3 O-O 7. O-O c5 8. a3
Bxc3 9. bxc3 Ne4 10. Qc2 f5 11. Nd2 Nxd2 12. Bxd2 d6 13. f3 Nc6 14. Rad1 Na5 15.
d5 Qf6 16. e4 fxe4 17. fxe4 Qe5 18. g3 exd5 19. Bf4 Qe7 20. exd5 g6 21. Rde1 Qc7
22. Re6 Rad8 23. Bxg6 Nxc4 24. Bxh7+ Qxh7 25. Rg6+ Qg7 26. Bh6 Rxf1+ 27. Kxf1
Ne3+ 28. Bxe3 1-0

[Event "chess.com SpeedChess Q2Sw"]
[Site "chess.com INT"]
[Date "2022.11.12"]
[Round "4"]
[White "Ristic, Nebojsa M"]
[Black "Grandelius, Nils"]
[Result "0-1"]
[WhiteTitle "IM"]
[BlackTitle "GM"]
[WhiteElo "2335"]
[BlackElo "2657"]
[WhiteFideId "900850"]
[BlackFideId "1710400"]
[EventDate "2022.11.12"]

1. d4 d5 2. Bf4 c5 3. e3 cxd4 4. exd4 Nc6 5. c3 Bf5 6. Bd3 Bg6 7. Nf3 e6 8. O-O
Bd6 9. Bxd6 Qxd6 10. Re1 Nge7 11. Bxg6 hxg6 12. Nbd2 g5 13. h3 g4 14. hxg4 Qf4
15. Nf1 Qxg4 16. Ng3 O-O-O 17. Ne5 Nxe5 18. dxe5 Qh4 19. Qd4 Qh2+ 20. Kf1 Nc6
21. Qc5 Rh4 22. b3 d4 23. Rad1 d3 24. Rxd3 Rxd3 25. Qf8+ Rd8 26. Qxf7 Rd2 27.
Qxe6+ Kc7 28. Qf7+ Kb6 29. Ne2 Re4 30. Ng1 Rxe1+ 31. Kxe1 Rxa2 32. Kf1 Ra1+ 33.
Ke2 Qxg1 0-1

[Event "chess.com SpeedChess Q2Sw"]
[Site "chess.com INT"]
[Date "2022.11.12"]
[Round "4"]
[White "Molenda, Marcin"]
[Black "Azarov, Sergei"]
[Result "1-0"]
[WhiteTitle "FM"]
[BlackTitle "GM"]
[WhiteElo "2381"]
[BlackElo "2562"]
[WhiteFideId "1173065"]
[BlackFideId "13501470"]
[EventDate "2022.11.12"]

1. e4 e5 2. Nf3 Nc6 3. d4 exd4 4. Nxd4 Bc5 5. Nb3 Bb6 6. Nc3 Nf6 7. Qe2 O-O 8.
Bg5 h6 9. Bh4 a5 10. a4 d5 11. O-O-O d4 12. Nd5 g5 13. Nxb6 cxb6 14. Bg3 Be6 15.
Kb1 Rc8 16. h4 g4 17. h5 Qd7 18. Bh4 Nb4 19. Nxd4 Qxa4 20. Bxf6 Qa2+ 21. Kc1
Qa1+ 22. Kd2 Qxb2 23. Ke3 Nxc2+ 24. Kf4 Rfe8 25. Rd2 Qc1 26. Nxe6 1-0

[Event "chess.com SpeedChess Q2Sw"]
[Site "chess.com INT"]
[Date "2022.11.12"]
[Round "4"]
[White "Selkirk, Rebecca"]
[Black "Feng, Eric"]
[Result "0-1"]
[WhiteTitle "WCM"]
[WhiteElo "1674"]
[BlackElo "1885"]
[WhiteFideId "14306514"]
[BlackFideId "30952590"]
[EventDate "2022.11.12"]

1. e4 c6 2. d4 d5 3. exd5 cxd5 4. c4 Nf6 5. Nc3 Nc6 6. Bg5 e6 7. c5 Be7 8. Nf3
h6 9. Bh4 Ne4 10. Bxe7 Qxe7 11. Bb5 O-O 12. O-O Bd7 13. a3 b6 14. Bxc6 Bxc6 15.
Ne5 Be8 16. Nxe4 dxe4 17. b4 f5 18. c6 Qg5 19. f4 exf3 20. Qxf3 Bh5 21. Qb3 Bf7
22. Rf3 Rfd8 23. Rd1 Rd5 24. Rfd3 Rad8 25. b5 Bh5 26. R1d2 Qf4 27. Qb4 Kh7 28.
c7 Rc8 29. Qe7 Rxe5 30. dxe5 Qxe5 31. h3 Rxc7 32. Qd6 Rc1+ 33. Rd1 Qxd6 34. Rd2
Qxd2 0-1

[Event "chess.com SpeedChess Q2Sw"]
[Site "chess.com INT"]
[Date "2022.11.12"]
[Round "4"]
[White "Jobava, Baadur"]
[Black "Tasdogen, Dincer"]
[Result "1-0"]
[WhiteTitle "GM"]
[BlackTitle "FM"]
[WhiteElo "2578"]
[BlackElo "2303"]
[WhiteFideId "13601520"]
[BlackFideId "6367097"]
[EventDate "2022.11.12"]

1. b3 g6 2. Bb2 f6 3. e4 Bg7 4. d4 Nh6 5. Nf3 Nf7 6. Nbd2 O-O 7. Be2 e5 8. O-O
d6 9. Re1 Qe7 10. Bf1 Nc6 11. a4 a5 12. Nc4 Bg4 13. d5 Nd4 14. Be2 Nxe2+ 15.
Qxe2 f5 16. exf5 gxf5 17. Ne3 e4 18. Bxg7 exf3 19. Bxf8 Rxf8 20. Qf1 Ne5 21.
Nxg4 fxg4 22. g3 Qf7 23. Re4 Qg6 24. Rae1 Rf5 25. h4 Qf7 26. Qb5 b6 27. c3 h5
28. b4 Qd7 29. Qxd7 Nxd7 30. bxa5 bxa5 31. Re8+ Nf8 32. c4 1-0

[Event "chess.com SpeedChess Q2Sw"]
[Site "chess.com INT"]
[Date "2022.11.12"]
[Round "4"]
[White "Barria Zuniga, Daniel"]
[Black "Chernov, Mikhail"]
[Result "1-0"]
[WhiteTitle "IM"]
[BlackTitle "FM"]
[WhiteElo "2341"]
[BlackElo "2213"]
[WhiteFideId "3400816"]
[BlackFideId "24143170"]
[EventDate "2022.11.12"]

1. c4 c5 2. g3 Nc6 3. Bg2 g6 4. Nc3 Bg7 5. d3 e5 6. a3 Nge7 7. b4 e4 8. Bb2 exd3
9. exd3 cxb4 10. axb4 Nxb4 11. Nge2 O-O 12. O-O Re8 13. Nf4 Nbc6 14. Qb1 b6 15.
Nb5 Nf5 16. Bxg7 Kxg7 17. Qb2+ Kg8 18. Nd5 Re6 19. Nbc7 Bb7 20. Nxe6 dxe6 21.
Nf6+ Kh8 22. Nd7+ Kg8 23. Ne5 Nxe5 24. Qxe5 Bxg2 25. Kxg2 Qxd3 26. Rfd1 Qxc4 27.
Rxa7 Rxa7 28. Rd8# 1-0

[Event "chess.com SpeedChess Q2Sw"]
[Site "chess.com INT"]
[Date "2022.11.12"]
[Round "4"]
[White "Kovalev, Vladislav"]
[Black "Kollars, Dmitrij"]
[Result "0-1"]
[WhiteTitle "GM"]
[BlackTitle "GM"]
[WhiteElo "2623"]
[BlackElo "2611"]
[WhiteFideId "13504398"]
[BlackFideId "12909572"]
[EventDate "2022.11.12"]

1. e4 e5 2. Nf3 Nc6 3. Bb5 a6 4. Ba4 Nf6 5. O-O Bc5 6. d3 b5 7. Bb3 d6 8. a3 O-O
9. h3 Be6 10. Bxe6 fxe6 11. Be3 Bxe3 12. fxe3 d5 13. Nbd2 Qd6 14. b4 a5 15. c3
axb4 16. cxb4 Ne7 17. d4 Ng6 18. Qc2 exd4 19. exd4 Qg3 20. Kh1 Nf4 21. Rg1 Ne2
22. Rgf1 Nh5 23. exd5 Qf4 0-1

[Event "chess.com SpeedChess Q2Sw"]
[Site "chess.com INT"]
[Date "2022.11.12"]
[Round "4"]
[White "Vaibhav, Jayant Raut"]
[Black "Pranav, V"]
[Result "0-1"]
[WhiteTitle "CM"]
[BlackTitle "IM"]
[WhiteElo "2247"]
[BlackElo "2548"]
[WhiteFideId "5089034"]
[BlackFideId "25060783"]
[EventDate "2022.11.12"]

1. Nf3 Nf6 2. g3 d5 3. Bg2 c6 4. d3 Bg4 5. O-O Nbd7 6. Nbd2 e5 7. h3 Bxf3 8.
Bxf3 Bd6 9. e4 O-O 10. Qe2 Re8 11. c3 Bf8 12. Rd1 h6 13. a4 a5 14. Nf1 Nc5 15.
Ne3 d4 16. cxd4 Nb3 17. Nc2 Nxa1 18. Nxa1 Qxd4 19. Qc2 Qc5 20. Qb3 b5 21. axb5
cxb5 22. Be3 Qc6 23. Rc1 Qd7 24. Kg2 Rec8 25. Rd1 a4 26. Qa2 b4 27. d4 b3 28.
Qb1 Qe8 29. dxe5 Nd7 30. Bg4 Rd8 31. f4 Nc5 32. Rd5 Ne6 33. Qf1 Nc7 34. Rxd8
Qxd8 35. Qc4 a3 36. Qxb3 Rb8 37. Qa2 Rxb2+ 0-1

[Event "chess.com SpeedChess Q2Sw"]
[Site "chess.com INT"]
[Date "2022.11.12"]
[Round "4"]
[White "Gorodetzky, David"]
[Black "Wadsworth, Matthew J"]
[Result "1-0"]
[WhiteTitle "IM"]
[BlackTitle "IM"]
[WhiteElo "2495"]
[BlackElo "2470"]
[WhiteFideId "2813416"]
[BlackFideId "415804"]
[EventDate "2022.11.12"]

1. c4 e5 2. Nc3 Bb4 3. Nd5 Be7 4. d4 d6 5. Nf3 c6 6. Nc3 exd4 7. Nxd4 Nf6 8. e4
O-O 9. Be2 a5 10. O-O Na6 11. Bf4 Nc5 12. Qc2 Be6 13. Rad1 Qc7 14. Rd2 Rfd8 15.
Rfd1 a4 16. h3 h6 17. Bg3 Bf8 18. f4 Qb6 19. Bf2 Qb4 20. a3 Qa5 21. Nxe6 Nxe6
22. g3 Be7 23. Bf3 Qa6 24. Kg2 Nc5 25. Bxc5 dxc5 26. e5 Ne8 27. e6 Qxc4 28.
exf7+ Qxf7 29. Nxa4 Rxd2+ 30. Rxd2 c4 31. Nb6 Ra6 32. Nxc4 b5 33. Ne5 Qe6 34.
Nxc6 Bf6 35. Re2 Qf7 36. Qc5 Nc7 37. Ne7+ Bxe7 38. Rxe7 1-0

[Event "chess.com SpeedChess Q2Sw"]
[Site "chess.com INT"]
[Date "2022.11.12"]
[Round "4"]
[White "Klukin, Kirill"]
[Black "Bluebaum, Matthias"]
[Result "0-1"]
[WhiteTitle "IM"]
[BlackTitle "GM"]
[WhiteElo "2390"]
[BlackElo "2651"]
[WhiteFideId "24199273"]
[BlackFideId "24651516"]
[EventDate "2022.11.12"]

1. d4 Nf6 2. Nf3 d5 3. c4 e6 4. Nc3 Bb4 5. Bd2 O-O 6. e3 b6 7. cxd5 exd5 8. Bd3
c5 9. O-O c4 10. Bc2 Bg4 11. h3 Bh5 12. g4 Bg6 13. Ne5 Re8 14. Nb1 Bd6 15. f4
Bxc2 16. Qxc2 Ne4 17. Be1 f6 18. Nf3 Nc6 19. a3 b5 20. Nbd2 Nxd2 21. Bxd2 a5 22.
Rfe1 b4 23. axb4 axb4 24. Rxa8 Qxa8 25. e4 b3 26. Qc1 Nb4 27. exd5 Rc8 28. Re6
Nd3 29. Qf1 Qxd5 30. Qe2 Kf7 31. f5 Nxb2 32. Bg5 Nd3 0-1